000 00252nam a2200097Ia 4500
082 _a616.994654 SERF
245 0 _aOorwin kanker : 'n nuwe lewe
100 _a SERFONTEIN, W. J.
_9105944
942 _cBK
008 210825s9999 xx 000 0 und d
999 _c533260
_d533259